| 000 | 00647nam a2200217 a 4500 | ||
|---|---|---|---|
| 005 | 20240605063906.0 | ||
| 008 | 020225s1999 mx r 000 0 spa d | ||
| 020 | _a8487118801 | ||
| 035 | _aUPN01000116381 | ||
| 049 | _aCG | ||
| 050 | 4 |
_aLB1027.25 _bC6.5 |
|
| 245 | 1 | 0 |
_aCómo hacer unidades didacticas innovadoras / _cJosé Fernández González ...[et al.] |
| 260 |
_aSevilla, Esp. _bDíada, _c1999. |
||
| 300 | _a87 p. | ||
| 440 | 0 | _aInvestigación y enseñanza. | |
| 440 | 0 |
_aSerie práctica ; _v16 |
|
| 650 | 4 |
_aEnseñanza _xMetodología _97684 |
|
| 700 | 1 |
_aFernández González, José, _ecoaut. |
|
| 905 | _aLibro | ||
| 999 |
_c89132 _d89132 |
||